000 00488nam a2200157 i 4500
001 89884
003 ES-MaACL
005 20230906180308.0
007 t|
008 050114s1959 sp ||||1| spa d
100 1 _aLatorre Roca, Rafael.
_970542
245 1 0 _aProblemas de España
_b: económicos, sociales, morales, religiosos e internacionales /
_cRafael Latorre Roca.
260 _aPamplona :
_bAramburu,
_c1959.
300 _a205 p. ;
_c22 cm.
852 _aES-MaACL
_jC-16575
_bR.44405
999 _c89884
_d89884